000 00976nac a22003017a 4500
001 BR6003721
003 BR-BrBNA
005 20240105113057.0
008 230509b bl.|||m| |||| 00| 0 por d
040 _aBR-BrBNA
_bpor
_cBiblioteca Nacional de Agricultura
072 _aF00; H00; F25
090 _a0230 BR6003721
110 1 _aInstituto de Pesquisa Agropecuaria do Norte, Belem, PA (Brasil);
110 1 _aAssociacao de Credito e Assistencia Rural do Estado do Para, Belem (Brasil)
_9493
245 1 _aCultura da cana de acucar [Amazonia, adubacao, Brasil]
260 3 _aBelem, PA (Brasil):
_c1973.
300 _a13 p.
490 _aCircular - Instituto de Pesquisa Agropecuaria do Norte (Brazil)
_vno. 17
_x
650 _aCANA DE ACUCAR
650 _aCLIMA
650 _aSOLO
650 _aADUBACAO
650 _aESPACAMENTO
650 _aPLANTIO
650 _aDEFESA VEGETAL
909 _a202312
_bLúcia Elande
_c55
_dLúcia Elande
942 _2AGRIS
_n0
_cMS
999 _c261767
_d261767